Responses for Show #1967 - Tuesday, March 9, 1993

Contestants

[<< previous game]

John Abrams, a farmer from Tabernacle, New Jersey

Abby Jungreis, an editor from Boston, Massachusetts

Mike Ward, a law student originally from Baltimore, Maryland (whose 1-day cash winnings total $15,899)

[next game >>]

Jeopardy! Round responses

CONSTELLATIONS
TV TOWNS
BODIES OF WATER
SEWING
JANUARY
GOING DUTCH
    $100 4
Pegasus

Abby
    $100 1
Metropolis

Mike
    $100 7
Montego Bay

Mike
    $100 22
thread

Abby
    $100 14
president

Abby
    $100 21
good morning

Abby
    $200 10
a rabbit

John
    $200 2
Mayberry

Mike
    $200 8
the Colorado River

Mike
    $200 23
a train

Abby
    $200 17
a chimpanzee

John
    $200 25
Wednesday

Mike
    $300 11
Aquarius

John
    $300 3
Tombstone

John
    $300 9
the Danube

John
    $300 24
the buttonhole

John
    $300 18
4

Abby
    $300 26
a dog

Abby
    $1,200 12
Gemini

John
    $400 5
New Rochelle

Mike
    $400 15
(John: What's the Bosphorus?)

the Dardanelles

AbbyJohn
    $400 29
a zipper

John
    $400 19
Winston Churchill

Abby
    $400 27
Do you speak English?

Mike
    $500 13
(John: What is Scorpio--[*]?)

scorpion

John
    $500 6
Hooterville

John
    $500 16
the Coral Sea

Mike
    $500 30
a needle

Mike
    $500 20
Idi Amin

Mike
    $500 28
(Abby: What are hearts and clubs?)

hearts & spades

AbbyJohn

Scores at the first commercial break (after clue 13):

Mike Abby John
$1,000 $100 $3,300

Scores at the end of the Jeopardy! Round:

Mike Abby John
$3,100 $1,500 $4,300

Double Jeopardy! Round responses

SPANISH HISTORY
OPERA
RELIGION
U.S.A.
DESIGN
BOOKS & AUTHORS
    $200 11
NATO

Abby
    $200 18
William Tell

John
    $200 12
the Ganges

John
    $200 1
Georgia

Abby
    $200 24
papier-mâché

Triple Stumper
    $200 6
Maury Povich

Mike
    $400 13
the Moors

Mike
    $400 19
Romeo & Juliet

Abby
    $400 17
Yom Kippur

John
    $400 2
Pikes Peak

Mike
    $400 25
Louis XIV

John
    $400 7
North and South

Triple Stumper
    $600 14
England

Mike
    $900 21
(John: Who is Toscanini?)
(Alex: Ooh, I'm going to have to ask for a ruling on that; we were going for the name of the opera and the name of the opera is [*]...)

Tosca

John
    $600 20
Buddhism

John
    $600 3
Trenton

Abby
    $600 26
the ear

John
    $600 8
Alice Walker

Triple Stumper
    $800 15
the Spanish- American War

Abby
    $800 22
Henry James

Triple Stumper
    $800 29
Shinto

John
    $800 4
Minnesota

Abby
    $800 27
the lyre

John
    $1,000 9
V.I. Warshawski

Mike
    $1000 16
Ferdinand

Abby
    $1000 23
Bayreuth

John
    $1000 30
(John: What is the Dome of the Rock?)

the Church of the Holy Sepulchre

John
Triple Stumper
    $1000 5
(Mike: What is Arizona?)

New Mexico

MikeJohn
    $1000 28
a finial

Triple Stumper
    $1000 10
Time

Mike

Scores at the end of the Double Jeopardy! Round:

Mike Abby John
$5,700 $5,500 $8,400

[wagering suggestions for these scores]

Final Jeopardy! Round responses

MONEY MATTERS
AbbyWhat is Saudi Arabia
$5,300
MikeWhat is Great Britain
$5,699
JohnWhat is Saudi Arabia?
$3,000
Germany

Final scores:

Mike Abby John
$1 $200 $5,400
3rd place: Nemesis electronic Go game + Jeopardy! home game 2nd place: NexStep stairclimber + Lavon sportswear + Jeopardy! home game New champion: $5,400

Game dynamics:

Coryat scores:

Mike Abby John
$5,500 $5,500 $8,500
16 R
(including 1 DD),
1 W
16 R,
1 W
21 R
(including 1 DD),
3 W
(including 1 DD)

Combined Coryat: $19,500

[game clues] [game scores] [suggest correction]

Game tape date: 1992-11-17
The J! Archive is created by fans, for fans. Scraping, republication, monetization, and malicious use prohibited; this site may use cookies and collect identifying information. See terms. The Jeopardy! game show and all elements thereof, including but not limited to copyright and trademark thereto, are the property of Jeopardy Productions, Inc. and are protected under law. This website is not affiliated with, sponsored by, or operated by Jeopardy Productions, Inc. Join the discussion at JBoard.tv.